000 01871nam a2200313 a 4500
001 BRCA_2594
005 20190320203900.0
008 281108m18761879sp-a---###---#000-0dspa-#
041 _aspa
044 _asp
084 _a176
_b.R64
_c1876
100 1 _aCervantes Saavedra, Miguel de
_d1547-1616
_9213
245 1 0 _aEl Ingenioso Hidalgo Don Quijote de la Mancha
_ccompuesto por Miguel de Cervantes Saavedra.
260 _aCádiz
_bJosé Rodríguez y Rodríguez
_c1876-79
300 _a3 v. en 5 tomos
_bil.
_c21 cm.
_e1 mapa plegable (v.2)
500 _aContenido : v 1. Vida de Miguel de Cervantes S. por Ramón León Máinez. Texto. -- v 2. Primera parte. Principios de la edición príncipe. Advertencia de Máinez. Dedicatoria del autor. Prólogo del autor. Versos preliminares. Comentarios y notas. Mapa del Campo de Montiel en 1575. Texto. Notas y apéndices. -- v 3. Segunda parte del Ingenioso Cabellero D. Quijote de la Mancha. Principios de la edición príncipe. Dedicatoria del autor. Prólogo del autor. Apéndices. Texto
500 _aEdición : Dirigido al Dúque de Béjar. Impreso por primera vez en Madrid por Juan de la Cuesta el año de 1605, y ahora de nuevo publicado por vez primera en Cádiz por José Rodríguez y Rodríguez, bajo la dirección de Ramón León Máinez
500 _aEjemplar por completo igual al LO-175 Lúdovik Osterc
500 _aEstado físico : Recuperación física en 2008
500 _aQM168
650 1 4 _aNovela española
_yÉpoca clásica, 1500-1700
_9215
650 1 4 _aLiteratura española
_yÉpoca clásica, 1500-1700
_9216
650 1 4 _aNovela española
_ySiglo XVII
_9217
650 1 4 _aDon Quijote (Personaje ficticio)
_eNovela
_9218
700 1 _aMáinez Fernández, Ramón León
_d1847-1917
_eBiógrafo
_97407
740 0 _aEl Ingenioso Hidalgo Don Quijote de la Mancha
902 _aQFM
942 _2lcc
_cB
999 _c2334
_d2334